00373nam a2200145Ia 4500008004100000041000800041082001300049100001700062245003900079260004600118300001700164365001200181650001700193650001700210210719s2004 xx 000 0 und d aeng a345 MATC aMATHEW (P D) aCriminal procedure code:simplified aNew DelhibIndian Social Institute.c2004 axxvi,488bPB b200cRs aCriminal Law aCriminal Law